00438 2200169 4500001002100000008004100021035002000062245004700082100001600129260003300145300002100178020001800199084001400217082000800231650001600239990001300255INLIS000000000001054 ind  a0010-0120001054 aAisyah PutribMy Pinky MomentscAsma Nadia aNadia, Asma aDepok :bLingkar Pena,c2006 a194 hlm.c18 cm. a979-3651-79-2 a813 NAD a a813 aNovel Fiksi a11900568